banner-ar

UNITED STATES FOREIGN POLICY TOWARD AFRICA: INCREMENTALISM CRISIS AND CHANGE / (Record no. 25015)

MARC details
000 -الفاتح
حقل البيانات ثابتة الطول 00576nam a2200193Ia 4500
008 - عناصر البيانات ثابتة الطول - معلومات عامة
حقل البيانات ثابتة الطول 140319s9999 xx 000 0 eng d
040 ## - مصدر الفهرسة
وكالة الفهرسة الأصلية GCL /
وكالة النسخ GCL
082 04 - رقم تصنيف ديوى العشرى
رقم التصنيف 327.7306
رقم المادة S U
100 1# - المدخل الرئيسى - إسم شخصى
الإسم الشخصى SCHRAEDER, PETER
245 10 - بيان العنوان
العنوان UNITED STATES FOREIGN POLICY TOWARD AFRICA: INCREMENTALISM CRISIS AND CHANGE /
بيان المسئوليه,etc SCHRAEDER, PETER
260 ## - PUBLICATION, DISTRIBUTION, ETC. (IMPRINT)
تاريخ النشر أو التوزيع 1995
300 ## - الوصف المادى
التعداد 347 P
490 ## - بيان السلسلة
عنوان السلسلة CAMBRIDGE STUDIES IN PHILOSOPHY
رقم المجلد/ التعيين التسلسلي 0
650 04 - المدخل الاضافى بالموضوع-مصطلح موضوعى
مصطلح موضوعي UNITED STATES
650 04 - المدخل الاضافى بالموضوع-مصطلح موضوعى
مصطلح موضوعي AFRICA
650 04 - المدخل الاضافى بالموضوع-مصطلح موضوعى
مصطلح موضوعي FOREIGN RELATIONS
942 ## - عناصر المدخل الإضافي( كوها)
مصدر التصنيف او مخطط الترفيف Dewey Decimal Classification
Koha [default] item type كتاب
260 ## - PUBLICATION, DISTRIBUTION, ETC. (IMPRINT)
-- [S.N] :
-- CAMBRIDGE UNIVERSITY PRESS ،
Holdings
حالة التراجع حالة الفقد حالة تلف ليس للاعارة المكان المؤقت الموقع الحالى تاريخ الاكتساب اجمالي اﻻعارات رقم الطلب الباركود تاريخ اخر مشاهدة تاريخ تفعيل السعر نوع وعاء كوها
        مكتبة القاهرة الكبرى مكتبة القاهرة الكبرى 03/26/2014   327.7306\S U 44160 03/26/2014 03/26/2014 كتاب

Powered By

EGPV